Fichas de lenguaje y lectura comprensiva / 2

Gardado en:
Detalles Bibliográficos
Autor Principal: Bustos Sánchez, Inés (autor)
Formato: Libro
Idioma:Lingua castelá
Publicado: Madrid, España: CEPE, 1993
Series:Colección Cuadernos de Recuperación
Subjects:
Tags: Engadir etiqueta
Sen Etiquetas, Sexa o primeiro en etiquetar este rexistro!

MARC

LEADER 00000nam a2200000 a 4500
001 UCZ6541
003 CL-VaPUC
005 20230628074148.0
008 951211e19870000SP |||||||||||||||||spa|d
999 |c 435775  |d 435773 
020 |a 84-86235-71-5 
040 |c Pontificia Universidad Católica de Valparaíso 
082 0 4 |a 372.41 BUS 1993  |2 21 
100 0 |a Bustos Sánchez, Inés  |e autor  |9 350898 
245 1 0 |a Fichas de lenguaje y lectura comprensiva / 2 
260 |a Madrid, España:  |b CEPE,  |c 1993 
300 |a 235 páginas 
490 0 |a Colección Cuadernos de Recuperación 
500 |a c.1. Donación Profesora Elizabeth Donoso. Memo 05/2022. 18/04/2022 
583 |a last modification  |c 19951211 00:00:00  |k Catalogador Asistente 
650 0 |a Comprensión de lectura  |9 307588 
650 0 |a Comprensión   |9 339377 
650 0 |a Procesos de aprendizaje  |9 309161 
650 0 |a Lectura  |9 307634 
650 0 |a Orientación para la lectura  |2 CL-VaPUC  |9 334506 
942 |c BK  |2 ddc 
945 |d 19951211 00:00:00  |a cmena 
952 |0 0  |1 0  |2 ddc  |4 0  |6 372_410000000000000_BUS_1993  |7 0  |8 A  |9 583379  |a BIBEDU  |b BIBEDU  |c GEN  |d 2022-06-03  |e Donación  |i 5651521  |l 1  |o 372.41 BUS 1993  |p 5651521  |r 2022-07-26  |s 2022-07-26  |t 1  |w 2022-06-03  |y BK  |k EPE